[Event "1SM"]
[Site "Sharjah Chess Club"]
[Date "2017.03.24"]
[Round "2.20"]
[White "Wojtaszek, Radoslaw"]
[Black "Pascua, Haridas"]
[Result "1-0"]
[BlackElo "2440"]
[WhiteElo "2745"]
[LiveChessVersion "1.4.8"]

1. d4 {[%clk 1:40:58]} Nf6 {[%clk 1:40:30]} 2. c4 {[%clk 1:41:25]} g6
{[%clk 1:38:08]} 3. g3 {[%clk 1:41:49]} Bg7 {[%clk 1:38:20]} 4. Bg2
{[%clk 1:42:12]} d5 {[%clk 1:37:17]} 5. cxd5 {[%clk 1:42:36]} Nxd5
{[%clk 1:37:42]} 6. e4 {[%clk 1:42:54]} Nb6 {[%clk 1:36:38]} 7. Ne2
{[%clk 1:43:18]} O-O {[%clk 1:30:13]} 8. O-O {[%clk 1:43:40]} e5 {[%clk 1:26:49]}
9. d5 {[%clk 1:41:08]} c6 {[%clk 1:24:31]} 10. Nbc3 {[%clk 1:41:31]} cxd5
{[%clk 1:23:35]} 11. exd5 {[%clk 1:41:55]} Bf5 {[%clk 1:17:36]} 12. b3
{[%clk 1:29:58]} Qd7 {[%clk 1:07:10]} 13. Ba3 {[%clk 1:26:49]} Rd8
{[%clk 1:03:22]} 14. Re1 {[%clk 1:26:10]} Na6 {[%clk 1:00:13]} 15. d6
{[%clk 1:18:41]} Rac8 {[%clk 0:55:52]} 16. Qd2 {[%clk 0:59:33]} Nc5
{[%clk 0:52:18]} 17. Red1 {[%clk 0:59:22]} h5 {[%clk 0:49:44]} 18. Qe3
{[%clk 0:49:56]} Ne6 {[%clk 0:44:41]} 19. Bb2 {[%clk 0:47:24]} Nd4
{[%clk 0:30:18]} 20. Nxd4 {[%clk 0:44:40]} exd4 {[%clk 0:30:42]} 21. Rxd4
{[%clk 0:45:08]} Bxd4 {[%clk 0:30:00]} 22. Qxd4 {[%clk 0:44:53]} Qxd6
{[%clk 0:29:31]} 23. Nd5 {[%clk 0:42:47]} f6 {[%clk 0:28:32]} 24. Nxf6+
{[%clk 0:40:15]} Kf7 {[%clk 0:27:07]} 25. Nd5 {[%clk 0:39:55]} Nxd5
{[%clk 0:17:19]} 26. Bxd5+ {[%clk 0:19:17]} Qxd5 {[%clk 0:17:43]} 27. Qf6+
{[%clk 0:19:44]} Ke8 {[%clk 0:18:08]} 28. Re1+ {[%clk 0:20:12]} Be4
{[%clk 0:18:23]} 29. Qxg6+ {[%clk 0:20:00]} Kd7 {[%clk 0:17:36]} 30. Rxe4
{[%clk 0:19:39]} Rc6 {[%clk 0:12:34]} 31. Rd4 {[%clk 0:17:13]} Rxg6
{[%clk 0:06:28]} 32. Rxd5+ {[%clk 0:17:34]} Ke8 {[%clk 0:06:17]} 33. Re5+
{[%clk 0:16:32]} Kf8 {[%clk 0:06:42]} 34. Rxh5 {[%clk 0:16:03]} Rd2
{[%clk 0:07:08]} 35. Bc3 {[%clk 0:14:33]} Rxa2 {[%clk 0:07:32]} 36. Rh8+
{[%clk 0:14:57]} Rg8 {[%clk 0:06:20]} 37. Rh7 {[%clk 0:15:02]} b6
{[%clk 0:06:42]} 38. h4 {[%clk 0:14:58]} Rg6 {[%clk 0:06:30]} 39. h5
{[%clk 0:13:57]} Rc6 {[%clk 0:06:32]} 40. Bd4 {[%clk 0:14:22]} Rd6
{[%clk 0:05:31]} 41. Be3 {[%clk 0:14:25]} Rd1+ {[%clk 0:05:08]} 42. Kg2
{[%clk 0:14:49]} Rd3 {[%clk 0:05:35]} 43. Kf3 {[%clk 0:13:09]} Kg8
{[%clk 0:04:49]} 44. Rb7 {[%clk 0:12:36]} Rxb3 {[%clk 0:05:14]} 45. g4
{[%clk 0:12:45]} Ra5 {[%clk 0:03:24]} 46. h6 {[%clk 0:12:52]} Rd5
{[%clk 0:02:11]} 47. Ke4 {[%clk 0:11:38]} Rd6 {[%clk 0:02:13]} 48. g5
{[%clk 0:11:24]} Rb5 {[%clk 0:01:54]} 49. Rg7+ {[%clk 0:09:33]} Kh8
{[%clk 0:02:03]} 50. Rxa7 {[%clk 0:09:54]} Re6+ {[%clk 0:01:30]} 51. Kf4
{[%clk 0:10:04]} Rd5 {[%clk 0:01:09]} 52. Kg4 {[%clk 0:09:58]} b5
{[%clk 0:01:22]} 53. Bc1 {[%clk 0:09:57]} Re4+ {[%clk 0:01:11]} 54. f4
{[%clk 0:09:18]} Re2 {[%clk 0:01:34]} 55. g6 {[%clk 0:08:59]} 1-0

[Event "1SM"]
[Site "Sharjah Chess Club"]
[Date "2017.03.24"]
[Round "2.21"]
[White "Areshchenko, Alexander"]
[Black "Neverov, Valeriy"]
[Result "1/2-1/2"]
[BlackElo "2477"]
[WhiteElo "2682"]
[LiveChessVersion "1.4.8"]

1. e4 {[%clk 1:40:57]} e5 {[%clk 1:40:53]} 2. Nf3 {[%clk 1:41:23]} Nc6
{[%clk 1:41:14]} 3. Bc4 {[%clk 1:41:32]} Bc5 {[%clk 1:40:18]} 4. O-O
{[%clk 1:41:46]} Nf6 {[%clk 1:38:51]} 5. d3 {[%clk 1:42:09]} d6 {[%clk 1:34:05]}
6. c3 {[%clk 1:41:49]} Bb6 {[%clk 1:32:45]} 7. a4 {[%clk 1:38:07]} a6
{[%clk 1:24:58]} 8. h3 {[%clk 1:33:00]} O-O {[%clk 1:21:51]} 9. Re1
{[%clk 1:28:56]} Be6 {[%clk 1:12:08]} 10. Nbd2 {[%clk 1:19:54]} Nh5
{[%clk 0:58:22]} 11. Bxe6 {[%clk 0:46:51]} fxe6 {[%clk 0:58:16]} 12. Nc4
{[%clk 0:45:55]} Ba7 {[%clk 0:53:35]} 13. Be3 {[%clk 0:45:19]} Bxe3
{[%clk 0:37:42]} 14. Rxe3 {[%clk 0:42:12]} Nf4 {[%clk 0:37:59]} 15. b4
{[%clk 0:36:55]} d5 {[%clk 0:34:42]} 16. exd5 {[%clk 0:25:13]} Nxd5
{[%clk 0:34:31]} 17. Qe1 {[%clk 0:25:20]} Nxe3 {[%clk 0:31:53]} 18. Qxe3
{[%clk 0:25:47]} Qd5 {[%clk 0:23:59]} 19. Ncxe5 {[%clk 0:25:58]} Nxe5
{[%clk 0:24:12]} 20. Nxe5 {[%clk 0:26:23]} a5 {[%clk 0:21:25]} 21. c4
{[%clk 0:25:28]} Qd6 {[%clk 0:21:12]} 22. b5 {[%clk 0:25:31]} Rad8
{[%clk 0:19:39]} 23. Re1 {[%clk 0:23:40]} Qd4 {[%clk 0:17:26]} 24. Qg3
{[%clk 0:19:42]} Qf4 {[%clk 0:15:05]} 25. Qxf4 {[%clk 0:19:28]} Rxf4
{[%clk 0:15:30]} 26. g3 {[%clk 0:19:49]} Rf5 {[%clk 0:10:03]} 27. Re4
{[%clk 0:18:19]} Kf8 {[%clk 0:05:58]} 28. d4 {[%clk 0:14:36]} Rxd4
{[%clk 0:02:22]} 29. Ng6+ {[%clk 0:14:40]} hxg6 {[%clk 0:02:35]} 30. Rxd4
{[%clk 0:14:53]} Ke7 {[%clk 0:02:24]} 31. f4 {[%clk 0:07:22]} e5 {[%clk 0:01:53]}
32. fxe5 {[%clk 0:07:36]} Rxe5 {[%clk 0:02:17]} 33. Kf2 {[%clk 0:08:01]} b6
{[%clk 0:00:37]} 34. Kf3 {[%clk 0:07:53]} Rc5 {[%clk 0:00:51]} 35. h4
{[%clk 0:06:22]} Ke6 {[%clk 0:00:39]} 36. Re4+ {[%clk 0:06:01]} Kf6
{[%clk 0:00:49]} 37. Rf4+ {[%clk 0:04:13]} Ke6 {[%clk 0:01:01]} 38. Re4+
{[%clk 0:03:23]} Kf6 {[%clk 0:01:26]} 39. g4 {[%clk 0:03:47]} g5 {[%clk 0:00:48]}
40. h5 {[%clk 0:03:51]} c6 {[%clk 0:00:34]} 41. bxc6 {[%clk 0:01:35]} Rxc6
{[%clk 0:00:52]} 42. Ke3 {[%clk 0:01:50]} Rc7 {[%clk 0:00:38]} 43. Rd4
{[%clk 0:01:27]} Ke6 {[%clk 0:00:43]} 44. Re4+ {[%clk 0:00:36]} Kd6
{[%clk 0:00:42]} 45. Kd3 {[%clk 0:00:50]} Rf7 {[%clk 0:00:43]} 46. Rd4+
{[%clk 0:01:15]} Ke5 {[%clk 0:00:52]} 47. Re4+ {[%clk 0:00:50]} Kd6
{[%clk 0:01:19]} 48. Rd4+ {[%clk 0:01:07]} Ke5 {[%clk 0:01:47]} 49. Re4+
{[%clk 0:01:19]} 1/2-1/2

[Event "1SM"]
[Site "Sharjah Chess Club"]
[Date "2017.03.24"]
[Round "2.22"]
[White "Praggnanandhaa, R"]
[Black "Safarli, Eltaj"]
[Result "1/2-1/2"]
[BlackElo "2680"]
[WhiteElo "2455"]
[LiveChessVersion "1.4.8"]

1. e4 {[%clk 1:40:31]} e5 {[%clk 1:40:51]} 2. Nf3 {[%clk 1:40:50]} Nc6
{[%clk 1:41:15]} 3. Bc4 {[%clk 1:41:08]} Bc5 {[%clk 1:41:34]} 4. O-O
{[%clk 1:41:03]} Nf6 {[%clk 1:41:48]} 5. d3 {[%clk 1:41:18]} d6 {[%clk 1:41:53]}
6. c3 {[%clk 1:41:14]} h6 {[%clk 1:41:10]} 7. a4 {[%clk 1:38:06]} a5
{[%clk 1:38:03]} 8. Na3 {[%clk 1:33:12]} O-O {[%clk 1:33:22]} 9. Nc2
{[%clk 1:30:15]} Be6 {[%clk 1:29:11]} 10. Bxe6 {[%clk 1:25:01]} fxe6
{[%clk 1:28:03]} 11. Be3 {[%clk 1:24:44]} Bxe3 {[%clk 1:26:47]} 12. Nxe3
{[%clk 1:24:31]} Qe8 {[%clk 1:25:23]} 13. Qe2 {[%clk 1:14:53]} Qf7
{[%clk 1:22:33]} 14. Nh4 {[%clk 1:09:43]} g5 {[%clk 1:15:24]} 15. Nf3
{[%clk 1:08:59]} Nh5 {[%clk 1:15:03]} 16. d4 {[%clk 0:57:57]} Nf4
{[%clk 1:11:03]} 17. Qd1 {[%clk 0:54:50]} Qg6 {[%clk 1:03:21]} 18. dxe5
{[%clk 0:48:12]} dxe5 {[%clk 1:01:19]} 19. Nd2 {[%clk 0:46:12]} Rad8
{[%clk 1:00:44]} 20. Qc2 {[%clk 0:44:54]} g4 {[%clk 0:51:10]} 21. Ndc4
{[%clk 0:41:30]} Rd7 {[%clk 0:46:54]} 22. Rad1 {[%clk 0:37:43]} Rdf7
{[%clk 0:44:53]} 23. Rd2 {[%clk 0:37:06]} h5 {[%clk 0:42:17]} 24. Qd1
{[%clk 0:34:18]} Qxe4 {[%clk 0:36:57]} 25. Qc2 {[%clk 0:30:01]} Qxc2
{[%clk 0:36:20]} 26. Nxc2 {[%clk 0:30:27]} e4 {[%clk 0:34:01]} 27. Re1
{[%clk 0:28:34]} Nd3 {[%clk 0:33:24]} 28. Ree2 {[%clk 0:27:21]} b6
{[%clk 0:29:51]} 29. Rxe4 {[%clk 0:18:28]} Nc5 {[%clk 0:24:49]} 30. Re1
{[%clk 0:16:52]} Rf4 {[%clk 0:24:20]} 31. N2a3 {[%clk 0:14:01]} R8f7
{[%clk 0:18:19]} 32. g3 {[%clk 0:10:58]} Re4 {[%clk 0:15:13]} 33. Rxe4
{[%clk 0:09:18]} Nxe4 {[%clk 0:15:41]} 34. Re2 {[%clk 0:09:37]} Nc5
{[%clk 0:16:05]} 35. Nb5 {[%clk 0:07:25]} Rd7 {[%clk 0:16:20]} 36. Kg2
{[%clk 0:06:12]} e5 {[%clk 0:14:43]} 37. h3 {[%clk 0:03:30]} e4 {[%clk 0:11:43]}
38. hxg4 {[%clk 0:03:24]} hxg4 {[%clk 0:12:12]} 39. Rd2 {[%clk 0:02:40]} Nd3
{[%clk 0:10:59]} 40. Re2 {[%clk 0:02:10]} Nc5 {[%clk 0:11:20]} 41. Rd2
{[%clk 0:02:32]} Nd3 {[%clk 0:08:22]} 42. Re2 {[%clk 0:02:56]} 1/2-1/2

[Event "1SM"]
[Site "Sharjah Chess Club"]
[Date "2017.03.24"]
[Round "2.23"]
[White "Anton Guijarro, David"]
[Black "Abdusattorov, Nodirbek"]
[Result "1-0"]
[BlackElo "2429"]
[WhiteElo "2676"]
[LiveChessVersion "1.4.8"]

1. e4 {[%clk 1:40:55]} e5 {[%clk 1:40:47]} 2. Nf3 {[%clk 1:41:18]} Nc6
{[%clk 1:41:08]} 3. Bc4 {[%clk 1:41:32]} Bc5 {[%clk 1:41:16]} 4. c3
{[%clk 1:41:26]} Nf6 {[%clk 1:40:59]} 5. d3 {[%clk 1:41:47]} O-O {[%clk 1:40:08]}
6. O-O {[%clk 1:41:46]} d6 {[%clk 1:37:30]} 7. b4 {[%clk 1:41:48]} Bb6
{[%clk 1:37:35]} 8. a4 {[%clk 1:42:08]} a6 {[%clk 1:36:34]} 9. Bb3
{[%clk 1:29:16]} Ne7 {[%clk 1:33:58]} 10. Bg5 {[%clk 1:26:12]} Ng6
{[%clk 1:24:03]} 11. Nh4 {[%clk 1:26:34]} Bg4 {[%clk 1:14:48]} 12. Qc2
{[%clk 1:15:57]} Nxh4 {[%clk 1:14:37]} 13. Bxh4 {[%clk 1:16:10]} h6
{[%clk 1:15:00]} 14. h3 {[%clk 1:10:57]} g5 {[%clk 1:09:19]} 15. Bg3
{[%clk 1:08:10]} Be6 {[%clk 1:07:56]} 16. Nd2 {[%clk 1:04:04]} Nh5
{[%clk 1:06:03]} 17. Kh2 {[%clk 1:03:36]} Qf6 {[%clk 1:03:37]} 18. Nc4
{[%clk 0:56:56]} Ba7 {[%clk 1:02:41]} 19. Rad1 {[%clk 0:57:08]} Nf4
{[%clk 0:51:05]} 20. Na5 {[%clk 0:51:05]} h5 {[%clk 0:46:05]} 21. Bxf4
{[%clk 0:36:30]} gxf4 {[%clk 0:43:43]} 22. Bxe6 {[%clk 0:35:09]} fxe6
{[%clk 0:43:13]} 23. Nxb7 {[%clk 0:34:46]} Kh8 {[%clk 0:41:32]} 24. Na5
{[%clk 0:32:22]} Rg8 {[%clk 0:40:43]} 25. Rg1 {[%clk 0:32:25]} h4
{[%clk 0:29:48]} 26. Qd2 {[%clk 0:28:05]} Bxf2 {[%clk 0:22:05]} 27. Qxf2
{[%clk 0:28:31]} Rg3 {[%clk 0:22:30]} 28. Qd2 {[%clk 0:15:31]} Rag8
{[%clk 0:15:51]} 29. Rdf1 {[%clk 0:14:42]} Qg6 {[%clk 0:13:28]} 30. Qe2
{[%clk 0:12:43]} Re3 {[%clk 0:10:57]} 31. Qg4 {[%clk 0:12:33]} Qh6
{[%clk 0:10:24]} 32. Qd1 {[%clk 0:12:50]} d5 {[%clk 0:09:45]} 33. Nc6
{[%clk 0:08:11]} Qg5 {[%clk 0:09:25]} 34. Rf3 {[%clk 0:07:32]} dxe4
{[%clk 0:09:54]} 35. Rxe3 {[%clk 0:06:48]} fxe3 {[%clk 0:10:17]} 36. dxe4
{[%clk 0:06:10]} Qh6 {[%clk 0:09:35]} 37. Rf1 {[%clk 0:04:43]} Qg5
{[%clk 0:09:58]} 38. Qf3 {[%clk 0:04:27]} Rg6 {[%clk 0:07:51]} 39. Kg1
{[%clk 0:04:04]} 1-0

[Event "1SM"]
[Site "Sharjah Chess Club"]
[Date "2017.03.24"]
[Round "2.24"]
[White "Akopian, Vladimir"]
[Black "Nitin, S."]
[Result "1-0"]
[BlackElo "2432"]
[WhiteElo "2675"]
[LiveChessVersion "1.4.8"]

1. e4 {[%clk 1:40:57]} c5 {[%clk 1:40:23]} 2. Nf3 {[%clk 1:41:16]} d6
{[%clk 1:40:31]} 3. d4 {[%clk 1:41:42]} cxd4 {[%clk 1:40:54]} 4. Nxd4
{[%clk 1:42:08]} Nf6 {[%clk 1:41:17]} 5. Nc3 {[%clk 1:42:34]} a6 {[%clk 1:41:39]}
6. f3 {[%clk 1:42:46]} e5 {[%clk 1:41:48]} 7. Nb3 {[%clk 1:42:52]} Be6
{[%clk 1:42:02]} 8. Be3 {[%clk 1:43:18]} Be7 {[%clk 1:41:56]} 9. Qd2
{[%clk 1:43:31]} Nbd7 {[%clk 1:41:46]} 10. g4 {[%clk 1:42:15]} O-O
{[%clk 1:42:01]} 11. g5 {[%clk 1:39:47]} Nh5 {[%clk 1:42:12]} 12. O-O-O
{[%clk 1:40:02]} Qc7 {[%clk 1:42:29]} 13. Kb1 {[%clk 1:39:25]} b5
{[%clk 1:42:46]} 14. Nd5 {[%clk 1:33:03]} Bxd5 {[%clk 1:42:24]} 15. exd5
{[%clk 1:33:29]} Nb6 {[%clk 1:42:49]} 16. Na5 {[%clk 1:27:08]} Nxd5
{[%clk 1:42:52]} 17. Qxd5 {[%clk 1:27:33]} Qxa5 {[%clk 1:43:17]} 18. Qb7
{[%clk 1:27:52]} Rfe8 {[%clk 1:31:11]} 19. Bh3 {[%clk 1:27:48]} Qb4
{[%clk 1:02:30]} 20. Bd7 {[%clk 1:14:57]} Reb8 {[%clk 1:02:35]} 21. Qc7
{[%clk 1:15:22]} Nf4 {[%clk 0:46:52]} 22. a3 {[%clk 0:57:01]} Qa4
{[%clk 0:40:50]} 23. Bc6 {[%clk 0:47:44]} Qc4 {[%clk 0:33:51]} 24. b3
{[%clk 0:47:17]} Qc3 {[%clk 0:34:13]} 25. Bd2 {[%clk 0:44:58]} Qc5
{[%clk 0:34:35]} 26. Bb4 {[%clk 0:43:57]} Qa7 {[%clk 0:35:00]} 27. Bxd6
{[%clk 0:42:01]} Rc8 {[%clk 0:35:13]} 28. Qxa7 {[%clk 0:36:14]} Rxa7
{[%clk 0:35:36]} 29. Bxe7 {[%clk 0:36:41]} Rxe7 {[%clk 0:36:00]} 30. Rd6
{[%clk 0:37:06]} Ne6 {[%clk 0:30:55]} 31. Rhd1 {[%clk 0:33:57]} Nd4
{[%clk 0:27:45]} 32. Be4 {[%clk 0:30:18]} a5 {[%clk 0:22:10]} 33. c3
{[%clk 0:24:58]} Nxb3 {[%clk 0:20:11]} 34. Rd8+ {[%clk 0:22:46]} Re8
{[%clk 0:20:36]} 35. Rxe8+ {[%clk 0:23:10]} Rxe8 {[%clk 0:21:03]} 36. Rd5
{[%clk 0:23:35]} a4 {[%clk 0:16:30]} 37. Kc2 {[%clk 0:17:00]} h6 {[%clk 0:14:41]}
38. gxh6 {[%clk 0:16:23]} gxh6 {[%clk 0:13:59]} 39. Rxb5 {[%clk 0:16:18]} Kg7
{[%clk 0:13:43]} 40. h4 {[%clk 0:12:18]} Re6 {[%clk 0:09:54]} 41. Bd5
{[%clk 0:11:56]} Rf6 {[%clk 0:09:50]} 42. Rb4 {[%clk 0:05:48]} Nc5
{[%clk 0:09:53]} 43. Rc4 {[%clk 0:06:09]} Nd7 {[%clk 0:10:17]} 44. Rxa4
{[%clk 0:06:27]} Nb6 {[%clk 0:10:40]} 45. Rg4+ {[%clk 0:06:51]} Kf8
{[%clk 0:10:56]} 46. Bb7 {[%clk 0:07:07]} Ke7 {[%clk 0:10:02]} 47. a4
{[%clk 0:07:13]} Nd7 {[%clk 0:10:11]} 48. Rc4 {[%clk 0:06:45]} Rb6
{[%clk 0:09:02]} 49. Bc8 {[%clk 0:05:15]} Rf6 {[%clk 0:08:27]} 50. a5
{[%clk 0:02:52]} Rxf3 {[%clk 0:08:45]} 51. a6 {[%clk 0:03:17]} Rf1
{[%clk 0:06:43]} 52. Bxd7 {[%clk 0:03:10]} Kxd7 {[%clk 0:07:08]} 53. Ra4
{[%clk 0:03:35]} 1-0

[Event "1SM"]
[Site "Sharjah Chess Club"]
[Date "2017.03.24"]
[Round "2.25"]
[White "Shyaamnikhil, P"]
[Black "Iturrizaga Bonelli, Eduardo"]
[Result "0-1"]
[BlackElo "2673"]
[WhiteElo "2440"]
[LiveChessVersion "1.4.8"]

1. c4 {[%clk 1:40:11]} c5 {[%clk 1:40:34]} 2. Nf3 {[%clk 1:40:16]} g6
{[%clk 1:38:47]} 3. d4 {[%clk 1:36:27]} cxd4 {[%clk 1:38:28]} 4. Nxd4
{[%clk 1:36:49]} Nc6 {[%clk 1:38:20]} 5. e4 {[%clk 1:36:07]} Bg7 {[%clk 1:37:45]}
6. Nc2 {[%clk 1:33:46]} d6 {[%clk 1:37:01]} 7. Be2 {[%clk 1:33:41]} Be6
{[%clk 1:35:31]} 8. O-O {[%clk 1:32:32]} Rc8 {[%clk 1:35:42]} 9. Nd2
{[%clk 1:26:54]} Nf6 {[%clk 1:35:13]} 10. Rb1 {[%clk 1:24:40]} O-O
{[%clk 1:33:01]} 11. f4 {[%clk 1:20:18]} Qb6+ {[%clk 1:26:36]} 12. Kh1
{[%clk 1:20:38]} Nd4 {[%clk 1:25:16]} 13. Ne3 {[%clk 1:14:32]} a5
{[%clk 1:07:51]} 14. Bd3 {[%clk 1:02:22]} Nc6 {[%clk 1:07:16]} 15. Nf3
{[%clk 0:58:50]} Nb4 {[%clk 1:05:47]} 16. a3 {[%clk 0:38:22]} Nxd3
{[%clk 1:03:25]} 17. Qxd3 {[%clk 0:38:46]} a4 {[%clk 1:02:35]} 18. b4
{[%clk 0:29:39]} axb3 {[%clk 1:01:46]} 19. Bb2 {[%clk 0:22:45]} Ng4
{[%clk 0:18:53]} 20. Nxg4 {[%clk 0:22:19]} Bxc4 {[%clk 0:17:30]} 21. Qe3
{[%clk 0:03:29]} Qxe3 {[%clk 0:17:53]} 22. Nxe3 {[%clk 0:03:56]} Bxf1
{[%clk 0:18:18]} 23. Nxf1 {[%clk 0:03:59]} Bxb2 {[%clk 0:08:50]} 24. Rxb2
{[%clk 0:04:24]} Rc3 {[%clk 0:08:59]} 25. N3d2 {[%clk 0:04:16]} f5
{[%clk 0:08:01]} 26. g3 {[%clk 0:02:45]} g5 {[%clk 0:05:41]} 27. Nxb3
{[%clk 0:01:36]} fxe4 {[%clk 0:05:37]} 28. Kg2 {[%clk 0:01:01]} gxf4
{[%clk 0:05:55]} 29. gxf4 {[%clk 0:01:23]} Rxf4 {[%clk 0:05:54]} 30. Nd4
{[%clk 0:01:22]} e3 {[%clk 0:05:32]} 31. Nb5 {[%clk 0:00:51]} Rb3
{[%clk 0:05:26]} 0-1

[Event "1SM"]
[Site "Sharjah Chess Club"]
[Date "2017.03.24"]
[Round "2.26"]
[White "Sargissian, Gabriel"]
[Black "Zude, Erik"]
[Result "1-0"]
[BlackElo "2408"]
[WhiteElo "2666"]
[LiveChessVersion "1.4.8"]

1. d4 {[%clk 1:40:57]} d6 {[%clk 1:40:46]} 2. Nf3 {[%clk 1:41:15]} Nf6
{[%clk 1:41:06]} 3. c4 {[%clk 1:41:10]} Nbd7 {[%clk 1:40:51]} 4. Nc3
{[%clk 1:41:31]} c6 {[%clk 1:40:57]} 5. e4 {[%clk 1:41:41]} e5 {[%clk 1:39:55]}
6. Be2 {[%clk 1:42:04]} g6 {[%clk 1:38:15]} 7. O-O {[%clk 1:41:10]} Bg7
{[%clk 1:38:23]} 8. Be3 {[%clk 1:36:20]} O-O {[%clk 1:37:34]} 9. d5
{[%clk 1:36:33]} c5 {[%clk 1:33:27]} 10. Ne1 {[%clk 1:35:21]} Kh8
{[%clk 1:28:37]} 11. Nd3 {[%clk 1:33:55]} Ng8 {[%clk 1:26:28]} 12. b4
{[%clk 1:15:16]} b6 {[%clk 1:08:30]} 13. Rb1 {[%clk 1:14:16]} f5 {[%clk 1:04:54]}
14. f3 {[%clk 1:13:36]} Ndf6 {[%clk 0:56:43]} 15. bxc5 {[%clk 1:08:54]} bxc5
{[%clk 0:55:20]} 16. g4 {[%clk 0:56:36]} Bd7 {[%clk 0:38:55]} 17. Kh1
{[%clk 0:50:23]} Qe7 {[%clk 0:33:02]} 18. Rg1 {[%clk 0:43:12]} Rf7
{[%clk 0:30:33]} 19. Rb7 {[%clk 0:41:53]} Qf8 {[%clk 0:28:29]} 20. Nf2
{[%clk 0:31:24]} Qc8 {[%clk 0:20:57]} 21. Rb3 {[%clk 0:29:54]} f4
{[%clk 0:18:39]} 22. Bd2 {[%clk 0:29:59]} Bf8 {[%clk 0:15:39]} 23. Kg2
{[%clk 0:23:57]} Be7 {[%clk 0:13:19]} 24. Qb1 {[%clk 0:23:47]} g5
{[%clk 0:13:08]} 25. Kf1 {[%clk 0:20:51]} Rg7 {[%clk 0:09:55]} 26. Bd1
{[%clk 0:21:09]} h5 {[%clk 0:09:50]} 27. h3 {[%clk 0:21:13]} Bd8 {[%clk 0:08:07]}
28. Nb5 {[%clk 0:19:45]} Ne8 {[%clk 0:07:49]} 29. Nd3 {[%clk 0:19:14]} Bf6
{[%clk 0:05:49]} 30. Rb2 {[%clk 0:12:26]} Ne7 {[%clk 0:05:04]} 31. Ba4
{[%clk 0:12:06]} Ng6 {[%clk 0:04:03]} 32. Nc3 {[%clk 0:11:58]} Bxa4
{[%clk 0:03:48]} 33. Nxa4 {[%clk 0:12:20]} Nh4 {[%clk 0:02:49]} 34. Ke2
{[%clk 0:12:18]} Rh7 {[%clk 0:02:29]} 35. Nf2 {[%clk 0:11:36]} Bd8
{[%clk 0:02:10]} 36. Qd3 {[%clk 0:09:53]} hxg4 {[%clk 0:01:18]} 37. hxg4
{[%clk 0:10:14]} Rb8 {[%clk 0:01:15]} 38. Rxb8 {[%clk 0:10:02]} Qxb8
{[%clk 0:01:44]} 39. Rb1 {[%clk 0:10:20]} Rb7 {[%clk 0:02:07]} 40. Rxb7
{[%clk 0:08:08]} Qxb7 {[%clk 0:02:35]} 41. Qb3 {[%clk 0:04:06]} Qd7
{[%clk 0:02:46]} 42. Qb5 {[%clk 0:03:54]} Nf6 {[%clk 0:02:32]} 43. Nc3
{[%clk 0:03:31]} Qc8 {[%clk 0:02:06]} 44. Qc6 {[%clk 0:02:31]} Qb8
{[%clk 0:02:09]} 45. Nb5 {[%clk 0:02:38]} Be7 {[%clk 0:02:03]} 46. Qa6
{[%clk 0:02:48]} Qf8 {[%clk 0:01:11]} 47. Nxa7 {[%clk 0:02:32]} Qf7
{[%clk 0:01:03]} 48. Qc8+ {[%clk 0:02:39]} Kg7 {[%clk 0:01:19]} 49. Nc6 1-0